| 000 | 00000cas 2200000zi 4500 |
| 001 | 9.907733 |
| 003 | CaOODSP |
| 005 | 20251107105217 |
| 006 | m o d f |
| 007 | cr cn |||||||| |
| 008 | 220204c20139999oncar p o f0###b0fre|d |
| 022 | |a2818-274X |
| 040 | |aCaOODSP|bfre|erda|cCaOODSP |
| 043 | |an-cn--- |
| 086 | 1 |aP115-11F-PDF |
| 110 | 1 |aCanada. |bServices partagés Canada, |eauteur, |eorganisme de publication. |
| 222 | 0|aÉtats financiers |b(Canada. Services partagés Canada) |
| 245 | 10|aÉtats financiers / |cServices partagés Canada. |
| 246 | 3 |aServices partagés Canada états financiers |
| 264 | 1|a[Ottawa] : |bServices partagés Canada = Shared Services Canada, |c[2013]- |
| 310 | |aAnnuel |
| 336 | |atexte|btxt|2rdacontent/fre |
| 337 | |ainformatique|bc|2rdamedia/fre |
| 338 | |aressource en ligne|bcr|2rdacarrier/fre |
| 362 | 1 |aParaît depuis : 31 mars 2013. |
| 500 | |aPublié aussi en anglais sous le titre : Financial statements. |
| 515 | |aLes livraisons de 2018-2019 ne sont pas disponibles en format PDF. |
| 588 | |aDescription d'après : 31 mars 2013. |
| 588 | |aDernière livraison consultée : 31 mars 2024. |
| 610 | 16|aCanada. |bServices partagés Canada|xCrédits budgétaires et dépenses|vPériodiques. |
| 650 | 6|aÉtats financiers non vérifiés|zCanada|vPériodiques. |
| 650 | 6|aDépenses publiques|vPériodiques. |
| 655 | 7|aPériodiques|2rvmgf |
| 775 | 08|tFinancial statements / |w(CaOODSP)9.907734 |